000 00831cam a22002177a 4500
008 180718b2011 xxu||||| |||| 00| 0 eng d
020 _a0198072503
082 _aT19x73 B299
100 _aBasu, Kaushik
245 _aAn economist's miscellany
_cby Kaushik Basu
260 _aNew Delhi
_bOxford Univ. Press
_c2011
300 _a200p.
650 _aUnited States --Economic policy
650 _aUnited States --Economic conditions
650 _aEducation --United States
650 _aEconomics --Study and teaching --United State
650 _aBudget deficits --United States
650 _aBudget --United States
650 _aUnited States. National Advisory Commission on Civil Disorders
650 _aUnited States. Dept. of Health, Education, and Welfare. Office of the Assistant Secretary for Planning and Evaluation
999 _c442025
_d442025